|
|
|
|
| LEADER |
01289na a2200349 4500 |
| 001 |
000032206 |
| 003 |
8283 |
| 005 |
20220726144648.0 |
| 008 |
151002s1988 000 |
| 020 |
|
|
|a 0521342996
|
| 020 |
|
|
|a 0521348196 (pbk.)
|
| 040 |
|
|
|a lnn
|c lnn
|d lnn
|
| 082 |
0 |
0 |
|a 418
|b DA-P
|
| 100 |
1 |
|
|a Davis, Paul,
|d 1952-
|
| 245 |
1 |
0 |
|a Dictation--new methods, new possibilities /
|c Paul Davis and Mario Rinvolucri.
|
| 260 |
|
|
|a Cambridge ;
|a New York :
|b Cambridge University Press,
|c 1988.
|
| 300 |
|
|
|a vi, 122 p. :
|b ill. ;
|c 24 cm.
|
| 504 |
|
|
|a Bibliography: p. 117-118.
|
| 500 |
|
|
|a Includes index.
|
| 650 |
|
0 |
|a Language and languages
|x Study and teaching.
|
| 650 |
|
0 |
|a Dictation (Educational method)
|
| 700 |
1 |
|
|a Rinvolucri, Mario.
|
| 856 |
4 |
2 |
|3 Publisher description
|u http://www.loc.gov/catdir/description/cam023/87030010.html
|
| OWN |
|
|
|a LNN
|
| AVA |
|
|
|a UDN50
|b LNN
|c English
|d 420.37
|e available
|t Error 5001 Not defined in file expand_doc_bib_avail.
|f 1
|g 0
|h N
|i 0
|j AN
|k 1
|
| 999 |
|
|
|a From the UDN01
|
| AVA |
|
|
|a UDN50
|b LNN
|c English
|d 420.37
|e available
|t Error 5001 Not defined in file expand_doc_bib_avail.
|f 1
|g 0
|h N
|i 0
|j AN
|k 1
|
| TYP |
|
|
|a Printed language
|
| 980 |
|
|
|a Mạng thư viện Đại học Đà Nẵng
|